Sports Quiz

Random Sports or NBA Quiz

NBA Seasons with 35, 30, 25, 20, 15, and 10 PPG Quiz Stats

 Plays Quiz Updated Jun 6, 2021

Support Sporcle.
Go Orange.
Score 0/84 Timer 07:00
1 Play Today
Points per Game in a Season Player % Correct
35+ PPG in a SeasonMichael Jordan
97.3%
30+ PPG in a SeasonMichael Jordan
97.3%
25+ PPG in a SeasonMichael Jordan
97.3%
20+ PPG in a SeasonMichael Jordan
97.3%
35+ PPG in a SeasonWilt Chamberlain
95.1%
30+ PPG in a SeasonWilt Chamberlain
95.1%
20+ PPG in a SeasonWilt Chamberlain
95.1%
15+ PPG in a SeasonShaquille O'Neal
93.4%
35+ PPG in a SeasonKobe Bryant
93.2%
30+ PPG in a SeasonKobe Bryant
93.2%
10+ PPG in a SeasonKobe Bryant
93.2%
25+ PPG in a SeasonKobe Bryant
93.2%
20+ PPG in a SeasonKobe Bryant
93.2%
15+ PPG in a SeasonKobe Bryant
93.2%
30+ PPG in a SeasonLeBron James
92.8%
25+ PPG in a SeasonLeBron James
92.8%
20+ PPG in a SeasonLeBron James
92.8%
15+ PPG in a SeasonLeBron James
92.8%
25+ PPG in a SeasonJames Harden
90.2%
30+ PPG in a SeasonStephen Curry
88.9%
35+ PPG in a SeasonJames Harden
87.9%
30+ PPG in a SeasonJames Harden
87.9%
25+ PPG in a SeasonShaquille O'Neal
86.2%
30+ PPG in a SeasonKareem Abdul-Jabbar
84.1%
10+ PPG in a SeasonKareem Abdul-Jabbar
84%
25+ PPG in a SeasonKareem Abdul-Jabbar
84%
20+ PPG in a SeasonKareem Abdul-Jabbar
84%
15+ PPG in a SeasonKareem Abdul-Jabbar
84%
Points per Game in a Season Player % Correct
25+ PPG in a SeasonKevin Durant
82.9%
20+ PPG in a SeasonKevin Durant
82.9%
30+ PPG in a SeasonJerry West
81%
20+ PPG in a SeasonShaquille O'Neal
80.6%
25+ PPG in a SeasonKarl Malone
79%
10+ PPG in a SeasonKarl Malone
79%
20+ PPG in a SeasonKarl Malone
79%
15+ PPG in a SeasonKarl Malone
79%
10+ PPG in a SeasonMoses Malone
78.5%
20+ PPG in a SeasonMoses Malone
78.5%
15+ PPG in a SeasonMoses Malone
78.5%
30+ PPG in a SeasonKevin Durant
76.1%
10+ PPG in a SeasonTim Duncan
75.9%
15+ PPG in a SeasonTim Duncan
75.9%
25+ PPG in a SeasonOscar Robertson
75.8%
30+ PPG in a SeasonAllen Iverson
74.3%
25+ PPG in a SeasonAllen Iverson
74.3%
20+ PPG in a SeasonAllen Iverson
74.3%
15+ PPG in a SeasonHakeem Olajuwon
73.8%
10+ PPG in a SeasonVince Carter
64%
20+ PPG in a SeasonHakeem Olajuwon
63.8%
10+ PPG in a SeasonDirk Nowitzki
63.6%
20+ PPG in a SeasonDirk Nowitzki
63.7%
15+ PPG in a SeasonDirk Nowitzki
63.6%
10+ PPG in a SeasonLeBron James
63.5%
10+ PPG in a SeasonKevin Garnett
63.1%
15+ PPG in a SeasonKevin Garnett
62.8%
15+ PPG in a SeasonCarmelo Anthony
61.6%
Points per Game in a Season Player % Correct
30+ PPG in a SeasonOscar Robertson
61.4%
10+ PPG in a SeasonPaul Pierce
58.3%
15+ PPG in a SeasonPaul Pierce
58.3%
20+ PPG in a SeasonCarmelo Anthony
56.4%
20+ PPG in a SeasonCharles Barkley
55%
30+ PPG in a SeasonElgin Baylor
53.9%
30+ PPG in a SeasonBradley Beal
51.1%
15+ PPG in a SeasonChris Paul
49.6%
10+ PPG in a SeasonJohn Stockton
48.9%
10+ PPG in a SeasonCarmelo Anthony
47.2%
25+ PPG in a SeasonAlex English
47%
30+ PPG in a SeasonGeorge Gervin
44.9%
30+ PPG in a SeasonDominique Wilkins
44.8%
10+ PPG in a SeasonJohn Havlicek
44.8%
25+ PPG in a SeasonDominique Wilkins
44.8%
15+ PPG in a SeasonJohn Havlicek
44.8%
10+ PPG in a SeasonRobert Parish
42.1%
15+ PPG in a SeasonReggie Miller
42.1%
10+ PPG in a SeasonReggie Miller
42.1%
30+ PPG in a SeasonRick Barry
41.2%
35+ PPG in a SeasonRick Barry
41.2%
15+ PPG in a SeasonRay Allen
36.7%
10+ PPG in a SeasonElvin Hayes
35.3%
15+ PPG in a SeasonElvin Hayes
35.3%
30+ PPG in a SeasonAdrian Dantley
29.3%
30+ PPG in a SeasonBob McAdoo
28.1%
10+ PPG in a SeasonRay Allen
17%
15+ PPG in a SeasonLaMarcus Aldridge
16.9%

You're not logged in!

Compare scores with friends on all Sporcle quizzes.
OR
Log In

From the Vault

Top 100 Bands (1989)

by Alex951998

To be a hit band in 1989 you didn't have to sing your own songs.
Remove Ads.
Support Sporcle.
Get the best of Sporcle when you Go Orange. This ad-free experience offers more features, more stats, and more fun while also helping to support Sporcle. Thank you for becoming a member.

Show Comments

Extras

Top Quizzes Today


Score Distribution

Your Account Isn't Verified!

In order to create a playlist on Sporcle, you need to verify the email address you used during registration. Go to your Sporcle Settings to finish the process.

Report this User

Report this user for behavior that violates our Community Guidelines.

Details: